000 00661nam a2200217 a 4500
999 _c6430
_d6430
001 6430
003 BD-JhCC
005 20180123193715.0
008 180123s1976 bg ||||| |||| 00| 0 ben d
035 _a(BD-JhCC)
040 _aBD-JhCC
_dBD-JhCC
041 _aben
082 _a297.124
_bRAH 1976
100 _aরহীম, আবদুর, মুহান্মাদ
245 _aহাদীস শরীফ /
_cমুহাম্মদ আবদুর রহীম
260 _aঢাকা :
_bআধুনিক প্রকাশনী,
_c১৯৭৬
300 _a168 p. :
_c20cm.
650 _aIslam , Muslim
942 _2ddc
_cBK